[Event "World Blitz Women 2025"]
[Site "Doha QAT"]
[Date "2025.12.30"]
[Round "12.70"]
[White "Alotaibi, Maitha Abdulrahman A"]
[Black "Druzhinina, Olga"]
[Result "0-1"]
[BlackTitle "WFM"]
[WhiteElo "1600"]
[BlackElo "2175"]
[WhiteFideId "21524009"]
[BlackFideId "4141911"]
[EventDate "2025.12.29"]

1. d4 Nf6 2. c4 g6 3. Nf3 Bg7 4. Nc3 d5 5. e3 O-O 6. Be2 c5 7. O-O cxd4 8. exd4
Nc6 9. cxd5 Nxd5 10. Be3 Bf5 11. a3 Rc8 12. Rc1 a6 13. Bd3 Bxd3 14. Qxd3 Qd7 15.
Qd2 Rfd8 16. Bh6 Bh8 17. Rfe1 Qf5 18. Nxd5 Qxd5 19. Bg5 Re8 20. Qe3 e6 21. Bh4
Nxd4 22. Nxd4 Bxd4 23. Rxc8 Rxc8 24. Qf3 0-1

[Event "World Blitz Women 2025"]
[Site "Doha QAT"]
[Date "2025.12.30"]
[Round "13.1"]
[White "Roebers, Eline"]
[Black "Assaubayeva, Bibisara"]
[Result "0-1"]
[WhiteTitle "IM"]
[BlackTitle "GM"]
[WhiteElo "2396"]
[BlackElo "2497"]
[WhiteFideId "1058401"]
[BlackFideId "13708694"]
[EventDate "2025.12.29"]

1. e4 c5 2. Nf3 d6 3. d4 cxd4 4. Nxd4 Nf6 5. Nc3 a6 6. Nb3 Nbd7 7. g4 h6 8. h4
b5 9. a3 Bb7 10. Bg2 Ne5 11. g5 Nfd7 12. Qe2 e6 13. f4 Nc4 14. Nd2 Ndb6 15. b3
Nxd2 16. Bxd2 Rc8 17. O-O hxg5 18. hxg5 Qc7 19. Rae1 Be7 20. f5 Qc5+ 21. Qf2 Qe5
22. Bf3 Rxc3 23. Bxc3 Qxc3 24. Qxb6 d5 25. Qxb7 Bc5+ 26. Kg2 Qd2+ 27. Kg3 Qh2+
28. Kg4 Qh4# 0-1

[Event "World Blitz Women 2025"]
[Site "Doha QAT"]
[Date "2025.12.30"]
[Round "13.2"]
[White "Gunina, Valentina"]
[Black "Nurman, Alua"]
[Result "1-0"]
[WhiteTitle "GM"]
[BlackTitle "WGM"]
[WhiteElo "2393"]
[BlackElo "2367"]
[WhiteFideId "4167570"]
[BlackFideId "13729390"]
[EventDate "2025.12.29"]

1. e4 c5 2. Nf3 d6 3. Bb5+ Bd7 4. Bxd7+ Nxd7 5. O-O Ngf6 6. Re1 e6 7. c3 Be7 8.
d4 O-O 9. e5 Ne8 10. exd6 Bxd6 11. d5 exd5 12. Qxd5 Qc7 13. Na3 Nef6 14. Qf5 Qc6
15. Nc4 Bc7 16. Bg5 h6 17. Bh4 Rfe8 18. a4 Qd5 19. Qxd5 Nxd5 20. Red1 N7f6 21.
Bxf6 Nxf6 22. Rd3 Re2 23. Rd2 Rae8 24. Kf1 R2e4 25. b3 Bf4 26. Rd3 Re2 27. g3
Bc7 28. Re1 Rxe1+ 29. Nxe1 Kf8 30. Nc2 Ng4 31. h3 Nf6 32. N2e3 g6 33. Kg2 b6 34.
Kf3 Ke7 35. h4 h5 36. Ke2 Ke6 37. f4 Rd8 38. Rxd8 Bxd8 39. Kd3 Bc7 40. Nd2 Bb8
41. Nf3 Ke7 42. Ng5 Bd6 43. Kc4 Bb8 44. Nd5+ Nxd5 45. Kxd5 f6 46. Ne4 Bc7 47.
Kc6 Bb8 48. Kb7 Bd6 49. Kxa7 Bc7 50. Kb7 Bd8 51. Kc6 Ke6 52. b4 cxb4 53. cxb4
Kf5 54. Nf2 g5 55. fxg5 fxg5 56. hxg5 Bxg5 57. g4+ hxg4 58. Nxg4 Kxg4 59. Kxb6
Be3+ 60. Kc6 Kf5 61. b5 Ke6 62. a5 Ke7 63. b6 Kd8 64. a6 1-0

[Event "World Blitz Women 2025"]
[Site "Doha QAT"]
[Date "2025.12.30"]
[Round "13.3"]
[White "Goryachkina, Aleksandra"]
[Black "Yip, Carissa"]
[Result "1/2-1/2"]
[WhiteTitle "GM"]
[BlackTitle "IM"]
[WhiteElo "2534"]
[BlackElo "2459"]
[WhiteFideId "4147103"]
[BlackFideId "2090732"]
[EventDate "2025.12.29"]

1. e4 e5 2. Nf3 Nc6 3. Bb5 a6 4. Ba4 Nf6 5. O-O d6 6. Bxc6+ bxc6 7. Re1 Be7 8.
d4 exd4 9. Nxd4 Bd7 10. c4 O-O 11. Nc3 Re8 12. Bf4 Rb8 13. Qd2 Bf8 14. f3 g6 15.
Rad1 Bg7 16. b3 a5 17. Bh6 Bh8 18. Bg5 Qc8 19. Kh1 Nh5 20. Nde2 Be6 21. Be3 Qa6
22. Bd4 Nf6 23. Qf4 Nh5 24. Qh4 a4 25. Bxh8 Kxh8 26. Nd4 axb3 27. axb3 Qa5 28.
Nce2 Bd7 29. Ra1 Qc5 30. Red1 Kg8 31. Ng3 Nxg3+ 32. Qxg3 Ra8 33. Rxa8 Rxa8 34.
h3 Rb8 35. Qf4 Be8 36. Qd2 Qb4 37. Qxb4 Rxb4 38. Rd3 Kg7 39. Kg1 Kf6 40. Kf2 c5
41. Nc2 Rb8 42. Ne3 Bc6 43. h4 h5 44. Kg3 Ke5 45. Nd5 Bxd5 46. Rxd5+ Ke6 47. Rd3
Ra8 48. Kf4 Kf6 49. Rd2 Rb8 50. Rd3 Ra8 51. Rd2 Rb8 52. Rd3 Ra8 53. Rd2 1/2-1/2

[Event "World Blitz Women 2025"]
[Site "Doha QAT"]
[Date "2025.12.30"]
[Round "13.4"]
[White "Muzychuk, Anna"]
[Black "Song, Yuxin"]
[Result "1/2-1/2"]
[WhiteTitle "GM"]
[BlackTitle "IM"]
[WhiteElo "2518"]
[BlackElo "2454"]
[WhiteFideId "14111330"]
[BlackFideId "8614300"]
[EventDate "2025.12.29"]

1. e4 c5 2. Nf3 d6 3. Bb5+ Bd7 4. Bxd7+ Nxd7 5. c4 e6 6. Nc3 Rc8 7. O-O Be7 8.
d3 Ngf6 9. h3 O-O 10. Rb1 Ne5 11. Nxe5 dxe5 12. Be3 a6 13. Qe2 Nd7 14. f4 exf4
15. Bxf4 Nb8 16. Bxb8 Rxb8 17. e5 b5 18. Kh1 Qd4 19. Rf3 Bd8 20. cxb5 axb5 21.
Rbf1 Bc7 22. Re3 c4 23. dxc4 Qxc4 24. Qxc4 bxc4 25. Re2 Rfd8 26. Rf4 f6 27. Rxc4
Bxe5 28. g4 Rd3 29. a4 Rxh3+ 30. Kg2 Rh2+ 31. Kf3 Rxe2 32. Nxe2 Rxb2 33. Nc1 Kf7
34. Nd3 Rb3 35. Ke2 Ra3 36. Rb4 Bd6 37. Rb6 Be7 38. Ra6 g6 39. Nf4 Bc5 40. Nd3
Ra2+ 41. Kf3 Ra3 42. Ke2 Bd4 43. Nf4 Re3+ 44. Kd2 Re4 45. Ne2 Rxg4 46. a5 Bf2
47. Ra8 h5 48. a6 h4 49. Nc3 Rg1 50. Ke2 Bd4 51. Nb5 Bc5 52. Rc8 Rg5 53. Rc7+
Kg8 54. a7 Bxa7 55. Nxa7 h3 56. Rc1 h2 57. Rh1 Rg2+ 58. Kf3 Rc2 59. Nb5 e5 60.
Nd6 f5 61. Kg3 f4+ 62. Kh3 g5 63. Ne4 Kg7 64. Nxg5 Kg6 65. Nf3 e4 66. Nxh2 Kf5
67. Ra1 Rc3+ 68. Kg2 Rc2+ 69. Kh3 f3 70. Ra8 Kf4 71. Rf8+ Ke3 72. Ng4+ Ke2 73.
Kg3 Rc1 74. Re8 Rg1+ 75. Kf4 Rxg4+ 76. Kxg4 e3 77. Kf4 f2 78. Rxe3+ Kd2 79. Rf3
Ke2 80. Rxf2+ Kxf2 81. Ke4 1/2-1/2

[Event "World Blitz Women 2025"]
[Site "Doha QAT"]
[Date "2025.12.30"]
[Round "13.5"]
[White "Mungunzul, Bat-Erdene"]
[Black "Stefanova, Antoaneta"]
[Result "1/2-1/2"]
[WhiteTitle "WIM"]
[BlackTitle "GM"]
[WhiteElo "2350"]
[BlackElo "2391"]
[WhiteFideId "4902831"]
[BlackFideId "2902257"]
[EventDate "2025.12.29"]

1. d4 d5 2. c4 c6 3. Nc3 Nf6 4. Nf3 a6 5. c5 Bf5 6. Bf4 h6 7. h3 Nbd7 8. e3 e6
9. Be2 Be7 10. O-O O-O 11. b4 Ne4 12. Qb3 Bf6 13. Nxe4 Bxe4 14. Bd6 Re8 15. Nd2
Bg6 16. f4 Be7 17. Bxe7 Qxe7 18. a4 f6 19. Bg4 h5 20. Bf3 e5 21. fxe5 fxe5 22.
e4 exd4 23. Kh1 Ne5 24. exd5 Bf7 25. Be4 Rad8 26. Rxf7 Nxf7 27. dxc6 bxc6 28.
Bxc6 Rf8 29. Nf3 Kh8 30. Re1 Qf6 31. Re6 Qf4 32. Qd3 Qc1+ 33. Re1 Qh6 34. Nh4
Ne5 35. Rxe5 Qc1+ 36. Kh2 Qf4+ 37. Qg3 Qxg3+ 38. Kxg3 Rf6 39. Bf3 d3 40. Nf5 d2
41. Ne3 Rd3 42. Re8+ Kh7 43. Be4+ Rg6+ 44. Bxg6+ Kxg6 45. Re6+ Kf7 46. Rd6 Rxe3+
47. Kf2 Rb3 48. Rxd2 Rxb4 49. Rd7+ Kf6 50. Rd6+ Ke5 51. Rxa6 Rc4 52. c6 Kf4 53.
a5 Rc2+ 54. Ke1 Rxg2 55. c7 Rc2 56. Ra7 g5 57. Rb7 g4 58. hxg4 hxg4 59. a6 g3
60. Kf1 Rc1+ 61. Kg2 Rc2+ 62. Kg1 Rc1+ 63. Kg2 Rc2+ 64. Kf1 Rc1+ 65. Kg2 1/2-1/2

[Event "World Blitz Women 2025"]
[Site "Doha QAT"]
[Date "2025.12.30"]
[Round "13.6"]
[White "Divya, Deshmukh"]
[Black "Omonova, Umida"]
[Result "0-1"]
[WhiteTitle "GM"]
[BlackTitle "WIM"]
[WhiteElo "2497"]
[BlackElo "2294"]
[WhiteFideId "35006916"]
[BlackFideId "14210363"]
[EventDate "2025.12.29"]

1. e4 e5 2. Nf3 Nc6 3. g3 Nf6 4. d3 g6 5. Bg2 Bg7 6. O-O O-O 7. h3 d5 8. exd5
Nxd5 9. Re1 Re8 10. Nbd2 h6 11. Nc4 Nb6 12. Nxb6 axb6 13. Bd2 Be6 14. Bc3 Bd5
15. a4 Qd7 16. Kh2 Kh7 17. Re3 Rad8 18. Qd2 Nd4 19. Bxd4 exd4 20. Rxe8 Rxe8 21.
a5 Qc6 22. Nh4 Bxg2 23. Nxg2 bxa5 24. Rxa5 Qf3 25. Ne1 Qe2 26. Qxe2 Rxe2 27. Ng2
Rxc2 28. Rb5 b6 29. Kg1 Bf8 30. Ne1 Rc1 31. Kf1 Bc5 32. Ke2 c6 33. Rb3 b5 34. h4
Kg7 35. Nf3 Kf6 36. Nd2 Ke6 37. Ne4 Be7 38. Kd2 Ra1 39. Ke2 f5 40. Nd2 Kd5 41.
Nf3 g5 42. hxg5 hxg5 43. Ne1 g4 44. Ng2 Bd6 45. Nh4 Ke6 46. Ng2 b4 47. Nh4 c5
48. Kd2 Be7 49. Ng6 Bg5+ 50. Ke2 Ra8 51. f3 Rg8 52. Nf4+ Bxf4 53. gxf4 g3 54.
Kf1 Kd5 55. Kg2 Kc6 0-1

[Event "World Blitz Women 2025"]
[Site "Doha QAT"]
[Date "2025.12.30"]
[Round "13.7"]
[White "Zhu, Jiner"]
[Black "Francisco Guecamburu, Candela Be"]
[Result "1-0"]
[WhiteTitle "GM"]
[BlackTitle "WGM"]
[WhiteElo "2579"]
[BlackElo "2238"]
[WhiteFideId "8608059"]
[BlackFideId "160911"]
[EventDate "2025.12.29"]

1. e4 c5 2. Nf3 d6 3. Bb5+ Bd7 4. Bxd7+ Qxd7 5. c4 Nc6 6. Nc3 Nf6 7. d4 cxd4 8.
Nxd4 Qg4 9. Qxg4 Nxg4 10. Nf3 g6 11. Nd5 Rc8 12. b3 Bg7 13. Rb1 e6 14. Ne3 Nf6
15. Bb2 O-O 16. Bxf6 Bxf6 17. O-O Rfd8 18. Rfd1 a6 19. a4 Rb8 20. Rbc1 Kf8 21.
Kf1 h5 22. Rd2 Ke7 23. Nc2 b5 24. cxb5 axb5 25. Na3 Na5 26. Rc7+ Kf8 27. Nxb5
Nxb3 28. Rd1 Be7 29. Nfd4 Nxd4 30. Nxd4 Rdc8 31. Rdc1 Rxc7 32. Rxc7 Rb4 33. Nc6
Rb1+ 34. Ke2 Bf6 35. a5 Rb2+ 36. Kf3 Rb3+ 37. Ke2 Ra3 38. Rd7 Be5 39. g3 Ra2+
40. Kd3 Rxf2 41. a6 Ra2 42. a7 Kg7 43. Rd8 Ra3+ 44. Kc4 Rc3+ 45. Kb5 Rc5+ 46.
Kb6 Rc2 47. a8=Q Rb2+ 48. Kc7 d5+ 49. Kd7 Bf6 50. Rg8+ Kh7 51. Qf8 Rb7+ 52. Kc8 1-0

[Event "World Blitz Women 2025"]
[Site "Doha QAT"]
[Date "2025.12.30"]
[Round "13.8"]
[White "Khafizova, Diana"]
[Black "Garifullina, Leya"]
[Result "0-1"]
[WhiteTitle "WFM"]
[BlackTitle "IM"]
[WhiteElo "2234"]
[BlackElo "2454"]
[WhiteFideId "34378049"]
[BlackFideId "34127035"]
[EventDate "2025.12.29"]

1. d4 Nf6 2. c4 e6 3. g3 d5 4. Nf3 Bb4+ 5. Bd2 Be7 6. Bg2 O-O 7. O-O c6 8. Qc2
Nbd7 9. Bf4 a5 10. Rd1 b6 11. Nbd2 Nh5 12. e3 Nxf4 13. exf4 Bb7 14. Ne5 Rc8 15.
Rac1 Nf6 16. Qb3 dxc4 17. Ndxc4 b5 18. Ne3 a4 19. Qd3 Nd5 20. Nxd5 exd5 21. Rc2
f6 22. Nf3 Qd7 23. Rdc1 Bd6 24. h4 Rce8 25. Kh2 Qe7 26. Re1 Qd8 27. Rce2 Bc8 28.
Qc2 Bd7 29. h5 Rxe2 30. Rxe2 Re8 31. h6 Rxe2 32. Qxe2 g6 33. Bh3 Bxh3 34. Kxh3
Qd7+ 35. Kg2 Bf8 36. Ne1 Bxh6 37. Nd3 Bf8 38. Qf3 Kf7 39. g4 Qe6 40. f5 Qe4 41.
Qxe4 dxe4 42. Nf4 gxf5 43. gxf5 Bb4 44. Ne6 Ke7 45. Kg3 Bd6+ 46. Kg4 Bh2 47. Kh3
Bb8 48. Kg4 Kd6 49. Kf4 Kd5+ 50. Ke3 h5 51. f3 exf3 52. Kxf3 Bd6 53. Kg2 Ke4 54.
Kh3 Kxf5 55. Nd8 Ke4 56. Nxc6 Kd5 57. Na7 b4 58. Kh4 Kxd4 59. Kxh5 Kd3 60. Kg6
Be5 61. b3 a3 62. Nc6 Bc3 63. Na5 Kc2 64. Nc4 Kb1 0-1

[Event "World Blitz Women 2025"]
[Site "Doha QAT"]
[Date "2025.12.30"]
[Round "13.9"]
[White "Shukhman, Anna"]
[Black "Muzychuk, Mariya"]
[Result "1-0"]
[WhiteTitle "WGM"]
[BlackTitle "GM"]
[WhiteElo "2431"]
[BlackElo "2475"]
[WhiteFideId "54180058"]
[BlackFideId "14114550"]
[EventDate "2025.12.29"]

1. e4 c5 2. Nf3 Nc6 3. Bb5 g6 4. O-O Bg7 5. c3 Nf6 6. Re1 O-O 7. d4 d5 8. e5 Ne4
9. Be3 cxd4 10. cxd4 Qb6 11. Bxc6 Qxc6 12. Ng5 Bf5 13. Nxe4 Bxe4 14. Nc3 Bf5 15.
Rc1 Qd7 16. h3 h5 17. Qd2 Kh7 18. f3 f6 19. Bf4 g5 20. Bh2 h4 21. exf6 exf6 22.
Nd1 Rac8 23. Ne3 Be6 24. Ng4 Bxg4 25. hxg4 Rxc1 26. Rxc1 Rc8 27. Qd3+ Kg8 28.
Rxc8+ Qxc8 29. Bd6 Qc1+ 30. Kh2 Qxb2 31. Qe3 Qb6 32. Qe6+ Kh7 33. Qxd5 Qc6 34.
Qf5+ Kh8 35. Bb8 a6 36. d5 Qe8 37. Bc7 Kg8 1-0

[Event "World Blitz Women 2025"]
[Site "Doha QAT"]
[Date "2025.12.30"]
[Round "13.10"]
[White "Nurgaliyeva, Zarina"]
[Black "Salimova, Nurgyul"]
[Result "0-1"]
[WhiteTitle "WIM"]
[BlackTitle "IM"]
[WhiteElo "2305"]
[BlackElo "2396"]
[WhiteFideId "13730096"]
[BlackFideId "2915138"]
[EventDate "2025.12.29"]

1. e4 e5 2. Nf3 Nf6 3. Nc3 Nc6 4. Bb5 Bb4 5. O-O O-O 6. Bxc6 dxc6 7. d3 Nd7 8.
Ne2 Re8 9. Be3 Bd6 10. Nd2 b5 11. f4 exf4 12. Nxf4 Nf6 13. h3 Nd5 14. exd5 Rxe3
15. dxc6 Re8 16. Qf3 Be5 17. c3 b4 18. d4 Bxf4 19. Qxf4 Be6 20. Nf3 bxc3 21.
bxc3 Qd5 22. Qxc7 Rec8 23. Qf4 Rxc6 24. Ne5 Rxc3 25. Rac1 Rxc1 26. Rxc1 Qxa2 27.
Nc6 h6 28. Qd6 Re8 29. Rd1 Bd5 30. Ne7+ Rxe7 0-1

[Event "World Blitz Women 2025"]
[Site "Doha QAT"]
[Date "2025.12.30"]
[Round "13.11"]
[White "Shuvalova, Polina"]
[Black "Arabidze, Meri"]
[Result "1-0"]
[WhiteTitle "IM"]
[BlackTitle "IM"]
[WhiteElo "2502"]
[BlackElo "2413"]
[WhiteFideId "24171760"]
[BlackFideId "13604040"]
[EventDate "2025.12.29"]

1. e4 d6 2. d4 Nf6 3. Nc3 e5 4. dxe5 dxe5 5. Qxd8+ Kxd8 6. Bc4 Ke8 7. Nf3 Bd6 8.
O-O a6 9. Ng5 Rf8 10. f4 h6 11. fxe5 Bxe5 12. Nf3 Nc6 13. Nd5 Rb8 14. Bb3 Nd7
15. Nxe5 Ndxe5 16. Nxc7+ Kd8 17. Nd5 Be6 18. c3 b5 19. Be3 Kc8 20. h3 Rb7 21.
Nb6+ Kc7 22. Bxe6 Rxb6 23. Bxb6+ Kxb6 24. Bd5 f6 25. Bxc6 Kxc6 26. Rad1 Nc4 27.
Rf2 Re8 28. Rd4 Nd6 29. Re2 Nc4 30. Kh2 a5 31. a4 Ne5 32. axb5+ Kxb5 33. Rd5+
Ka4 34. Re1 Kb3 35. Rb5+ Kc2 36. Rxa5 Kxb2 37. Ra7 g5 38. Rf1 Re6 39. Rc7 h5 40.
c4 h4 41. c5 Ra6 42. c6 g4 43. Rb7+ Ka2 44. c7 g3+ 45. Kg1 Rc6 46. Rd1 Nd3 47.
Kf1 Nf2 48. Rd2+ Ka1 49. Rd4 Rc1+ 50. Ke2 Rc2+ 51. Kf3 Rc3+ 52. Kf4 1-0

[Event "World Blitz Women 2025"]
[Site "Doha QAT"]
[Date "2025.12.30"]
[Round "13.12"]
[White "Munkhzul, Turmunkh"]
[Black "Ju, Wenjun"]
[Result "1-0"]
[WhiteTitle "WGM"]
[BlackTitle "GM"]
[WhiteElo "2271"]
[BlackElo "2565"]
[WhiteFideId "4901878"]
[BlackFideId "8603006"]
[EventDate "2025.12.29"]

1. e4 e6 2. d4 d5 3. exd5 exd5 4. Nf3 Nf6 5. Bd3 Be7 6. O-O O-O 7. h3 c5 8. dxc5
Bxc5 9. Nbd2 Nc6 10. Nb3 Bb6 11. c3 h6 12. Nbd4 Re8 13. Bf4 a6 14. Re1 Ne4 15.
Qc2 Nxd4 16. Nxd4 Nc5 17. Bh7+ Kh8 18. Bf5 Bd7 19. Rad1 Qf6 20. Bxd7 Nxd7 21.
Be3 Ne5 22. Qf5 Qg6 23. Qxg6 Nxg6 24. Nf5 Bxe3 25. Rxe3 Red8 26. Red3 Nf4 27.
Rf3 Ne6 28. Nd4 Ng5 29. Rfd3 Ne4 30. Nf5 Nf6 31. Ne7 Re8 32. Nxd5 Nxd5 33. Rxd5
Re2 34. R5d2 Rae8 35. Kf1 Rxd2 36. Rxd2 Re6 37. Rd7 Rb6 38. b3 Kg8 39. c4 g5 40.
Ke2 Kg7 41. Kd3 h5 42. f3 h4 43. Kd4 Kf6 44. c5 Rb5 45. Kc4 Ke6 46. Rc7 f5 47.
a4 Ra5 48. Kd4 1-0

[Event "World Blitz Women 2025"]
[Site "Doha QAT"]
[Date "2025.12.30"]
[Round "13.13"]
[White "Lagno, Kateryna"]
[Black "Bulmaga, Irina"]
[Result "1/2-1/2"]
[WhiteTitle "GM"]
[BlackTitle "IM"]
[WhiteElo "2508"]
[BlackElo "2389"]
[WhiteFideId "14109336"]
[BlackFideId "13903063"]
[EventDate "2025.12.29"]

1. e4 e5 2. Nf3 Nc6 3. Bb5 Nf6 4. d3 d6 5. O-O Bd7 6. Re1 g6 7. Bxc6 Bxc6 8. d4
Bg7 9. dxe5 Nxe4 10. exd6 O-O 11. d7 Nd6 12. Ne5 Bxd7 13. Nxd7 Qxd7 14. Nc3 Rfe8
15. Bf4 Rxe1+ 16. Qxe1 Re8 17. Qd2 Qf5 18. Bxd6 Bxc3 19. Qxc3 cxd6 20. Qd2 Qe5
21. Rb1 Qe2 22. Qxe2 Rxe2 23. Rc1 Kf8 24. Kf1 Rd2 25. Ke1 Rd5 26. Rd1 Rc5 27.
Kd2 Ke7 28. Re1+ Kd7 29. c3 Rf5 30. f3 a5 31. a4 h5 32. Re4 Rg5 33. g3 Rd5+ 34.
Ke2 b6 35. c4 Rf5 36. f4 d5 37. Rd4 Kc6 38. Kd3 Kc5 39. Kc3 Kc6 40. b4 axb4+ 41.
Kxb4 dxc4 42. Rxc4+ Kb7 43. Re4 Kc6 44. Re7 h4 45. Re3 hxg3 46. hxg3 Rf6 47. Re5
Rd6 48. Re7 Rf6 49. Ra7 Rf5 50. Re7 Rf6 51. Re4 Rf5 52. Rc4+ Kb7 53. Re4 Kc6 54.
g4 Rf6 55. g5 Rf5 56. Rc4+ Kb7 57. Kc3 Ka6 58. Kd3 Ka5 59. Ke4 f6 60. gxf6 Rxf6
61. Ke5 Rf5+ 62. Ke4 b5 63. axb5 Kxb5 64. Rc8 Kb6 65. Rg8 Rf6 66. Ke5 Rf5+ 67.
Ke4 Rf6 68. Rc8 Kb7 69. Rc1 Kb6 70. Rc2 Kb7 71. Rc4 Kb6 72. Ke5 Rf5+ 73. Ke6 Kb7
74. Re4 Kc6 75. Rc4+ Kb5 76. Re4 Kc6 77. Rc4+ Kb5 78. Re4 Kc6 1/2-1/2

[Event "World Blitz Women 2025"]
[Site "Doha QAT"]
[Date "2025.12.30"]
[Round "13.14"]
[White "Injac, Teodora"]
[Black "Buksa, Nataliya"]
[Result "1-0"]
[WhiteTitle "IM"]
[BlackTitle "IM"]
[WhiteElo "2421"]
[BlackElo "2397"]
[WhiteFideId "932400"]
[BlackFideId "14123622"]
[EventDate "2025.12.29"]

1. Nf3 d5 2. g3 Nf6 3. Bg2 e6 4. O-O Bd6 5. d4 O-O 6. c4 Nc6 7. b3 dxc4 8. bxc4
e5 9. e3 Bg4 10. h3 Bh5 11. g4 Bg6 12. c5 Be7 13. Nxe5 Nxe5 14. dxe5 Ne4 15. Bb2
Nxc5 16. Ba3 Bd3 17. Re1 Ba6 18. Qc2 c6 19. Bxc5 Qa5 20. Bxe7 Qxe1+ 21. Kh2 Rfe8
22. Bd6 Rad8 23. Qb2 Qa5 24. Qc3 Qa4 25. Nd2 h5 26. g5 Qh4 27. Ne4 b6 28. f4 c5
29. a4 Bb7 30. Qc2 Bxe4 31. Bxe4 c4 32. g6 f6 33. Qxc4+ Kh8 34. Rg1 Qf2+ 35. Rg2
Qxe3 36. Bc6 Rc8 37. exf6 Rxc6 38. Qxc6 Rd8 39. fxg7+ Kg8 40. Qd5+ Kxg7 41. Qf7+ 1-0

[Event "World Blitz Women 2025"]
[Site "Doha QAT"]
[Date "2025.12.30"]
[Round "13.15"]
[White "Kulon, Klaudia"]
[Black "Badelka, Olga"]
[Result "0-1"]
[WhiteTitle "IM"]
[BlackTitle "IM"]
[WhiteElo "2335"]
[BlackElo "2395"]
[WhiteFideId "1131044"]
[BlackFideId "13509926"]
[EventDate "2025.12.29"]

1. c4 e6 2. g3 Nf6 3. Bg2 d5 4. Nf3 Be7 5. O-O O-O 6. b3 d4 7. d3 c5 8. e4 Nc6
9. e5 Nd7 10. Re1 Rb8 11. h4 Qc7 12. Bf4 a6 13. Nbd2 b5 14. Rc1 Nb4 15. Ne4 Nxa2
16. Ra1 Nc3 17. Nxc3 dxc3 18. Qc2 b4 19. d4 cxd4 20. Nxd4 Bb7 21. Be4 Bxe4 22.
Qxe4 Nc5 23. Qf3 Rbc8 24. Be3 Nd3 25. Red1 Nxe5 26. Qe4 Nc6 27. Rxa6 Nxd4 28.
Rxd4 Bc5 29. Bf4 Qe7 30. Rd1 Rfd8 31. Rda1 h6 32. Kg2 Qd7 33. Ra8 Rxa8 34. Rxa8
Rxa8 35. Qxa8+ Kh7 36. Qe4+ f5 37. Qe2 Bd4 38. Qf3 e5 39. Bc1 Qe6 40. Qb7 c2 41.
Qxb4 Qc6+ 42. f3 e4 43. Qd2 exf3+ 44. Kh2 Qe4 45. Qf4 Qe2+ 46. Kh3 Qg2# 0-1

[Event "World Blitz Women 2025"]
[Site "Doha QAT"]
[Date "2025.12.30"]
[Round "13.16"]
[White "Kurmangaliyeva, Liya"]
[Black "Lei, Tingjie"]
[Result "0-1"]
[WhiteTitle "FM"]
[BlackTitle "GM"]
[WhiteElo "2339"]
[BlackElo "2569"]
[WhiteFideId "13725831"]
[BlackFideId "8605114"]
[EventDate "2025.12.29"]

1. e4 e6 2. d4 d5 3. Nc3 Nf6 4. e5 Nfd7 5. f4 c5 6. dxc5 Bxc5 7. a3 Nc6 8. b4
Bb6 9. Qh5 a6 10. Bd3 Qe7 11. Nf3 Nf8 12. Bd2 Bd7 13. O-O-O Rc8 14. Na4 Ba7 15.
Kb2 b5 16. Nc5 Bxc5 17. bxc5 Qxc5 18. f5 b4 19. Qh4 bxa3+ 20. Ka2 a5 21. Rb1
exf5 22. Rb5 Qe7 23. Rb6 Qxh4 24. Nxh4 Nb4+ 25. Bxb4 axb4 26. Rxb4 g6 27. Kxa3
Ne6 28. Rb7 Bc6 29. Ra7 O-O 30. Nf3 Nc5 31. Rb1 Rfe8 32. Rb6 d4 33. Nxd4 Bxg2
34. Bb5 Rxe5 35. Kb4 Ne4 36. Rbb7 Nd6 37. Rb6 Nxb5 38. Rxb5 Rxb5+ 39. Kxb5 Be4
40. c4 Bd3 41. Ra4 f4 42. Nc6 Kf8 43. Ra3 Bxc4+ 44. Kc5 Be6 45. Kd6 g5 46. Nd4
Rd8+ 47. Ke5 Kg7 48. Nf3 Rd5+ 49. Ke4 f5# 0-1

[Event "World Blitz Women 2025"]
[Site "Doha QAT"]
[Date "2025.12.30"]
[Round "13.17"]
[White "Vo, Thi Kim Phung"]
[Black "Kosteniuk, Alexandra"]
[Result "1/2-1/2"]
[WhiteTitle "WGM"]
[BlackTitle "GM"]
[WhiteElo "2322"]
[BlackElo "2483"]
[WhiteFideId "12401838"]
[BlackFideId "4128125"]
[EventDate "2025.12.29"]

1. d4 Nf6 2. c4 e6 3. Nc3 Bb4 4. Nf3 b6 5. g3 Bb7 6. Bg2 O-O 7. Bd2 Bxc3 8. Bxc3
d6 9. O-O Ne4 10. Qc2 Nxc3 11. Qxc3 Nd7 12. Rfe1 Qe7 13. Nh4 Bxg2 14. Nxg2 e5
15. Rad1 a5 16. Ne3 Qe6 17. Nd5 Rac8 18. a3 Rfe8 19. b4 axb4 20. axb4 c6 21. Ne3
b5 22. cxb5 cxb5 23. Qd3 e4 24. Qxb5 Rb8 25. Qc4 Qh3 26. Qd5 Re6 27. Qf5 Qxf5
28. Nxf5 Rxb4 29. Rb1 Rxb1 30. Rxb1 g6 31. Ne3 Re8 32. Nd5 Kg7 33. Rb7 Nf8 34.
e3 Ne6 35. h4 h5 36. Kg2 Rc8 37. Rb6 Rd8 38. Rb7 Rc8 39. Rb6 Rd8 40. Ra6 Nf8 41.
Nc3 f5 42. Nd5 Rd7 43. Nf4 Kf7 44. Ra8 Nh7 45. Nd5 Ke6 46. Nf4+ Kf7 47. Nd5 Ke6
48. Nf4+ Kf7 1/2-1/2

[Event "World Blitz Women 2025"]
[Site "Doha QAT"]
[Date "2025.12.30"]
[Round "13.18"]
[White "Tokhirjonova, Gulrukhbegim"]
[Black "Danielian, Elina"]
[Result "1/2-1/2"]
[WhiteTitle "IM"]
[BlackTitle "GM"]
[WhiteElo "2372"]
[BlackElo "2408"]
[WhiteFideId "14203626"]
[BlackFideId "13300210"]
[EventDate "2025.12.29"]

1. e4 Nf6 2. e5 Nd5 3. d4 d6 4. Nf3 Nb6 5. Be2 g6 6. O-O Bg7 7. h3 O-O 8. c4 Nc6
9. exd6 cxd6 10. Be3 Bf5 11. Nc3 d5 12. c5 Nc4 13. Bxc4 dxc4 14. d5 Nb4 15. Qa4
Nc2 16. Qxc4 Nxa1 17. Rxa1 Rc8 18. Rd1 a6 19. b4 Qc7 20. Bf4 b5 21. Bxc7 bxc4
22. Be5 f6 23. Bd4 Rfd8 24. a4 e5 25. Be3 Bf8 26. d6 Bd7 27. b5 axb5 28. axb5
Kf7 29. Ra1 Ra8 30. Rxa8 Rxa8 31. c6 Bxc6 32. bxc6 Bxd6 33. Nd2 Rc8 34. Nxc4
Rxc6 35. Nxd6+ Rxd6 36. g3 h5 37. h4 Ke6 38. Ne4 Rd1+ 39. Kg2 Ra1 40. Bh6 Ra2
41. Bg7 f5 42. Ng5+ Kd5 43. Bh6 f4 44. gxf4 exf4 45. Nh3 Ke4 46. Nxf4 Kf5 47.
Bg5 Ra4 48. Ne2 Rb4 49. Ng3+ Ke6 50. f3 Rb2+ 51. Kf1 Ra2 52. Ne2 Ke5 53. Kf2 Kf5
54. Ke1 Ke6 55. Kd1 Ke5 56. Be3 Ra3 57. Kd2 Kf5 58. Nd4+ Ke5 59. Nc6+ Kf5 60.
Ne7+ Kf6 61. Bg5+ Kf7 62. Ke2 Rb3 63. Nd5 Ke6 64. Ne3 Ra3 65. f4 Rb3 66. Kf3 Ra3
67. Bd8 Rd3 68. Bc7 Ra3 69. Be5 Ra2 70. Bc7 Rb2 71. Bd8 Rd2 72. Bg5 Ra2 73. Ke4
Ra4+ 74. Kf3 1/2-1/2